banner-ar

Steel Construction year book 1992 / (Record no. 16981)

MARC details
000 -الفاتح
حقل البيانات ثابتة الطول 00504nam a2200181Ia 4500
008 - عناصر البيانات ثابتة الطول - معلومات عامة
حقل البيانات ثابتة الطول 140319s9999 xx 000 0 eng d
040 ## - مصدر الفهرسة
وكالة الفهرسة الأصلية GCL /
وكالة النسخ GCL
082 04 - رقم تصنيف ديوى العشرى
رقم التصنيف 693.71
رقم المادة T S
100 1# - المدخل الرئيسى - إسم شخصى
الإسم الشخصى THOMAS TOLFORD HOUSE
245 10 - بيان العنوان
العنوان Steel Construction year book 1992 /
بيان المسئوليه,etc THOMAS TOLFORD HOUSE
700 1# - المدخل الاضافى - اسم شخصى
الإسم الشخصى SANDERS, DAVIO M.
260 ## - PUBLICATION, DISTRIBUTION, ETC. (IMPRINT)
تاريخ النشر أو التوزيع 1992
300 ## - الوصف المادى
التعداد 256 P P
650 04 - المدخل الاضافى بالموضوع-مصطلح موضوعى
مصطلح موضوعي REFERENCE PUBLICATION
650 04 - المدخل الاضافى بالموضوع-مصطلح موضوعى
مصطلح موضوعي YEAR BOOKS
942 ## - عناصر المدخل الإضافي( كوها)
مصدر التصنيف او مخطط الترفيف Dewey Decimal Classification
Koha [default] item type كتاب
260 ## - PUBLICATION, DISTRIBUTION, ETC. (IMPRINT)
-- [S.N] :
-- THOMAS TELFORD SERVICES LTD ،
Holdings
حالة التراجع حالة الفقد حالة تلف ليس للاعارة المكان المؤقت الموقع الحالى تاريخ الاكتساب اجمالي اﻻعارات رقم الطلب الباركود تاريخ اخر مشاهدة تاريخ تفعيل السعر نوع وعاء كوها
        مكتبة القاهرة الكبرى مكتبة القاهرة الكبرى 03/26/2014   S\693.71\T S 30669 03/26/2014 03/26/2014 كتاب
        مكتبة القاهرة الكبرى مكتبة القاهرة الكبرى 03/26/2014   S\693.71\T S 30670 03/26/2014 03/26/2014 كتاب

Powered By

EGPV